000 00472nam a2200145Ia 4500
008 230917s9999||||xx |||||||||||||| ||und||
040 _e180347
_aMAIN
041 _aEnglish
082 _a891.43152109 BH122:BJ
100 _aभाटी, जयप्रकाश
245 0 _aबच्चन का साहित्यछ कथ्य और शिल्प
260 _aजयपुर
_bसंघी प्रकाशन
_c1980
300 _a310 p.
942 _cHN
999 _c207760
_d207760